| 000 | 00781pam a2200253 i 4500 | ||
|---|---|---|---|
| 001 | 3698857 | ||
| 003 | ARRUPE | ||
| 005 | 20140924134334.0 | ||
| 008 | 790316s1979 nyu b 000 0 eng | ||
| 010 | _a 79011760 | ||
| 020 | _a0883442876 | ||
| 040 |
_aDLC _cDLC _dDLC |
||
| 050 | 0 | 0 |
_aBT83.57.S449 _bH46 |
| 082 | 0 | 0 | _a230/.2/0924 |
| 100 | 1 |
_aHennelly, Alfred T. _911552 |
|
| 245 | 1 | 0 |
_aTheologies in conflict : _bthe challenge of Juan Luis Segundo / _cAlfred T. Hennelly. |
| 260 |
_aMaryknoll, N.Y. : _bOrbis Books, _cc1979. |
||
| 300 |
_axxiii, 200 p. ; _c24 cm. |
||
| 504 | _aIncludes bibliographies. | ||
| 600 | 1 | 0 |
_aSegundo, Juan Luis. _911553 |
| 650 | 0 |
_aLiberation theology. _911554 |
|
| 906 |
_a7 _bcbc _corignew _d1 _eocip _f19 _gy-gencatlg |
||
| 942 |
_2lcc _cMONOGRAPH |
||
| 999 |
_c120926 _d120926 |
||